[Event "Rail 4 countries 19th"]
[Site "Eindhoven"]
[Date "2002.06.08"]
[Round "2.5"]
[White "Heinl, Achim"]
[Black "Kuip, Jan"]
[Result "1-0"]
[WhiteElo "2157"]
[BlackElo "1799"]
[PlyCount "71"]
[EventDate "2002.06.07"]
[EventType "team-tourn"]
[EventRounds "3"]
[EventCountry "NED"]
[SourceTitle "EXT 2004"]
[Source "ChessBase"]
[SourceDate "2003.11.25"]
[SourceVersion "1"]
[SourceVersionDate "2003.11.25"]
[SourceQuality "1"]

1. d4 Nf6 2. Nf3 e6 3. Bg5 d5 4. e3 c5 5. c3 Nc6 6. Nbd2 Be7 7. Bd3 c4 8. Bc2 h6 9. Bh4 Nh5 10. Bg3 Nxg3 11. hxg3 Bf6 12. e4 Bg5 13. Nxg5 Qxg5 14. Rh5 Qe7 15. Qf3 g6 16. Rh4 g5 17. Rh2 f5 18. exd5 exd5+ 19. Kf1 Qf7 20. Re1+ Kf8 21. b3 b5 22. bxc4 bxc4 23. Nxc4 Ba6 24. Bd3 Bxc4 25. Bxc4 dxc4 26. Qxc6 Kg7 27. f4 g4 28. Rb1 Rac8 29. Qd6 Rce8 30. Rb5 Re6 31. Qa3 Rhe8 32. Re5 Rxe5 33. dxe5 Qd5 34. Qxa7+ Kg8 35. Rxh6 Qd1+ 36. Kf2 1-0

[Event "EU-chT Railways USIC"]
[Site "Dresden"]
[Date "2000.06.21"]
[Round "2.5"]
[White "Zanetti, Bruno"]
[Black "Kuip, Jan"]
[Result "1-0"]
[WhiteElo "2130"]
[BlackElo "1769"]
[PlyCount "81"]
[EventDate "2000.06.19"]
[EventType "team-swiss"]
[EventRounds "7"]
[EventCountry "GER"]
[SourceTitle "EXT 2002"]
[Source "ChessBase"]
[SourceDate "2001.11.25"]
[SourceVersion "1"]
[SourceVersionDate "2001.11.25"]
[SourceQuality "1"]
[WhiteTeam "Switzerland (USIC)"]
[BlackTeam "Netherlands (USIC)"]
[WhiteTeamCountry "SUI"]
[BlackTeamCountry "NED"]

1. d4 Nf6 2. c4 e5 3. dxe5 Ng4 4. Nf3 Nc6 5. Bf4 Bb4+ 6. Nbd2 Qe7 7. e3 Ngxe5 8. Nxe5 Nxe5 9. Be2 Bxd2+ 10. Qxd2 d6 11. 0-0 0-0 12. b4 Be6 13. Rac1 Ng6 14. Bg3 Rfd8 15. e4 f6 16. f4 Bf7 17. Bd3 c6 18. Rfe1 Qf8 19. Bb1 Rac8 20. a3 Rc7 21. Qd3 Qe8 22. Rcd1 Re7 23. h4 d5 24. Qd4 b6 25. cxd5 cxd5 26. e5 fxe5 27. fxe5 Rc8 28. Ba2 Rd7 29. Bb3 b5 30. Qd3 a6 31. Qe3 Qe6 32. Rd4 Ne7 33. Rf4 Nc6 34. Rf2 Ne7 35. Ref1 Rf8 36. Rc1 Rc8 37. Rcf1 Rf8 38. Qg5 Rc7 39. Rf6 Qc8 40. e6 Bg6 41. Rxf8+ 1-0